[Event "Vitrolles-ch 13th"]
[Site "Vitrolles"]
[Date "2013.03.23"]
[Round "9"]
[White "Estevez, Eric"]
[Black "Dudognon, Thibault"]
[Result "0-1"]
[WhiteElo "1980"]
[BlackElo "1906"]
[PlyCount "72"]
[EventDate "2012.03.09"]
[EventType "swiss"]
[EventRounds "9"]
[EventCountry "FRA"]
[SourceTitle "EXT 2014"]
[Source "ChessBase"]
[SourceDate "2013.11.20"]
[SourceVersion "1"]
[SourceVersionDate "2013.11.20"]
[SourceQuality "1"]

1. e4 c5 2. b4 cxb4 3. a3 d5 4. exd5 Qxd5 5. Nf3 e5 6. axb4 Bxb4 7. Na3 Bxa3 8. Bxa3 Nc6 9. c3 Nge7 10. Be2 0-0 11. 0-0 Rd8 12. Qb1 Bf5 13. Qxb7 Rab8 14. Qa6 Ng6 15. Bc4 Qd7 16. Bc5 Be4 17. Ng5 Bd5 18. Be3 h6 19. Bxd5 Qxd5 20. Nf3 Rd6 21. Qa4 Rf6 22. Ne1 Nf4 23. f3 Rb2 24. Rf2 a5 25. d4 Rxf2 26. Kxf2 exd4 27. Bxd4 Re6 28. Rd1 Qh5 29. Kg1 Ne2+ 30. Kh1 Qh4 31. Qa1 Ng3+ 32. Kg1 Ne2+ 33. Kh1 Rg6 34. Rd2 Ncxd4 35. cxd4 Qf2 36. Rxe2 Qf1# 0-1

[Event "FRA-chT2S"]
[Site "France"]
[Date "2002.11.16"]
[Round "2"]
[White "Boursier, Julien"]
[Black "Estevez, Eric"]
[Result "0-1"]
[WhiteElo "2069"]
[BlackElo "1970"]
[PlyCount "122"]
[EventDate "2002.10.??"]
[EventType "team"]
[EventRounds "11"]
[EventCountry "FRA"]
[SourceTitle "EXT 2004"]
[Source "ChessBase"]
[SourceDate "2003.11.25"]
[SourceVersion "1"]
[SourceVersionDate "2003.11.25"]
[SourceQuality "1"]

1. d4 Nf6 2. Nf3 g6 3. Bg5 Bg7 4. Nbd2 d5 5. e3 h6 6. Bh4 c5 7. c3 Qb6 8. Qb3 Qxb3 9. axb3 b6 10. Ne5 Nfd7 11. Ndf3 Nxe5 12. Nxe5 Bxe5 13. dxe5 Bd7 14. Bd3 Nc6 15. f4 g5 16. Bg3 Na5 17. Bc2 Bb5 18. 0-0-0 0-0-0 19. Kb1 Nc6 20. Rd2 e6 21. Be1 Ba6 22. g4 h5 23. Rg1 hxg4 24. Rxg4 gxf4 25. exf4 Rdg8 26. Bd1 Na5 27. Ka2 c4 28. b4 Rxg4 29. Bxg4 Nb3 30. Rg2 Bb7 31. Bf3 Kd7 32. Bg3 b5 33. Rf2 a5 34. Bd1 Nc1+ 35. Kb1 Nd3 36. Rd2 axb4 37. Bc2 Nc5 38. Rd1 b3 39. Rf1 bxc2+ 40. Kxc2 Ne4 41. f5 Nxg3 42. fxe6+ Kxe6 43. hxg3 Rh2+ 44. Kb1 Ke7 45. Rf6 Bc8 46. Rb6 Re2 47. Rxb5 Rxe5 48. Kc2 Be6 49. Kd2 Rg5 50. Rb7+ Kd6 51. b3 cxb3 52. Rxb3 Rxg3 53. Ra3 Rg2+ 54. Kd3 Ke5 55. Ra5 Rg3+ 56. Kd2 Rg2+ 57. Kd3 Bf5+ 58. Ke3 Rc2 59. Ra3 Bg6 60. Kf3 Be4+ 61. Ke3 f5 0-1

[Event "Provence-ch Majeur op 9899"]
[Site "France"]
[Date "1999.??.??"]
[Round "8"]
[White "Estevez, Eric"]
[Black "Gaudineau, Gilles"]
[Result "0-1"]
[WhiteElo "1860"]
[BlackElo "2120"]
[PlyCount "74"]
[EventDate "1998.??.??"]
[EventType "swiss"]
[EventRounds "9"]
[EventCountry "FRA"]
[SourceTitle "EXT 2005"]
[Source "ChessBase"]
[SourceDate "2004.11.15"]
[SourceVersion "1"]
[SourceVersionDate "2004.11.15"]
[SourceQuality "1"]

1. b4 d5 2. Bb2 Bg4 3. h3 Bh5 4. d4 Nd7 5. Nd2 e6 6. a3 c6 7. c4 Ngf6 8. Qb3 Bd6 9. e3 0-0 10. c5 Bc7 11. Rc1 Ne4 12. Ngf3 f5 13. Be2 Nxd2 14. Nxd2 Bxe2 15. Kxe2 e5 16. dxe5 Bxe5 17. Nf3 Bxb2 18. Qxb2 f4 19. Rc3 Qf6 20. Qd2 Rae8 21. Re1 Ne5 22. Nxe5 Rxe5 23. Kf1 f3 24. e4 dxe4 25. gxf3 exf3 26. Rxe5 Qxe5 27. Qe3 Qf5 28. h4 Qh3+ 29. Ke1 Qxh4 30. Qe6+ Kh8 31. Rd3 h6 32. Rd7 Qg5 33. Qe3 Qxe3+ 34. fxe3 g5 35. a4 g4 36. Rd4 h5 37. b5 g3 0-1

[Event "Provence-ch Majeur op 9899"]
[Site "France"]
[Date "1998.??.??"]
[Round "3"]
[White "Estevez, Eric"]
[Black "Ortega, C1111"]
[Result "1/2-1/2"]
[WhiteElo "1860"]
[BlackElo "1820"]
[PlyCount "88"]
[EventDate "1998.??.??"]
[EventType "swiss"]
[EventRounds "9"]
[EventCountry "FRA"]
[SourceTitle "EXT 2005"]
[Source "ChessBase"]
[SourceDate "2004.11.15"]
[SourceVersion "1"]
[SourceVersionDate "2004.11.15"]
[SourceQuality "1"]

1. e4 d5 2. e5 c5 3. f4 Nc6 4. Be2 Bf5 5. Nf3 e6 6. c3 Rc8 7. a3 Qa5 8. Nh4 Nh6 9. Nxf5 Nxf5 10. 0-0 Be7 11. Bd3 g6 12. Qg4 h5 13. Qh3 Nh6 14. Bxg6 fxg6 15. Qxe6 Qc7 16. Qxg6+ Kd7 17. d4 Rcg8 18. Qxh5 Kc8 19. Qf3 cxd4 20. Qxd5 Ng4 21. h3 Ne3 22. Bxe3 dxe3 23. Re1 Qb6 24. Re2 Rd8 25. Qe4 Qb3 26. Qxe3 Rd1+ 27. Kh2 Qd5 28. Rd2 Qb3 29. Re2 Qd5 30. Rd2 Qb3 31. Qe2 Rc1 32. c4 Bc5 33. g3 Nd4 34. Rxd4 Bxd4 35. Nd2 Qxb2 36. Rxc1 Qxc1 37. Nf3 Rd8 38. Nxd4 Rxd4 39. Qg4+ Kc7 40. Qg7+ Kc6 41. Qf6+ Kc5 42. Qe7+ Kc6 43. Qe6+ Kc7 44. Qe7+ Kc6 1/2-1/2

[Event "Provence-ch access Vitrolles 9798"]
[Site "France"]
[Date "1998.??.??"]
[Round "8"]
[White "Estevez, Eric"]
[Black "Refalo, JM."]
[Result "1-0"]
[WhiteElo "1730"]
[BlackElo "1780"]
[PlyCount "87"]
[EventDate "1997.??.??"]
[EventType "tourn"]
[EventRounds "9"]
[EventCountry "FRA"]
[SourceTitle "EXT 2005"]
[Source "ChessBase"]
[SourceDate "2004.11.15"]
[SourceVersion "1"]
[SourceVersionDate "2004.11.15"]
[SourceQuality "1"]

1. e4 e6 2. d4 d5 3. Nc3 dxe4 4. Nxe4 Bd7 5. Nf3 Bc6 6. Bd3 Bxe4 7. Bxe4 c6 8. 0-0 Nf6 9. Bg5 Nbd7 10. Qe2 Qc7 11. c3 Nxe4 12. Qxe4 Nf6 13. Qc2 Be7 14. Rfe1 0-0 15. Rad1 c5 16. Bxf6 Bxf6 17. d5 exd5 18. Rxd5 Rfe8 19. Red1 Rad8 20. c4 Bd4 21. Rxd8 Rxd8 22. Re1 Qc6 23. b3 Re8 24. Rxe8+ Qxe8 25. Kf1 g6 26. Qd3 Bf6 27. Qd5 Qc6 28. Qxc6 bxc6 29. Ke2 Kf8 30. Kd3 Ke7 31. Ke4 Ke6 32. Ne1 Bd4 33. Nd3 f5+ 34. Kf4 Kd6 35. Kg5 Bg7 36. f4 a6 37. h3 a5 38. a4 Bf8 39. Kf6 Be7+ 40. Kg7 g5 41. fxg5 Bxg5 42. Kxh7 Be3 43. Kg6 Ke6 44. h4 1-0

[Event "Provence-ch Majeur op 9899"]
[Site "France"]
[Date "1998.??.??"]
[Round "2"]
[White "Fortuit, Emilie"]
[Black "Estevez, Eric"]
[Result "0-1"]
[WhiteElo "1800"]
[BlackElo "1860"]
[PlyCount "88"]
[EventDate "1998.??.??"]
[EventType "swiss"]
[EventRounds "9"]
[EventCountry "FRA"]
[SourceTitle "EXT 2005"]
[Source "ChessBase"]
[SourceDate "2004.11.15"]
[SourceVersion "1"]
[SourceVersionDate "2004.11.15"]
[SourceQuality "1"]

1. e4 Nf6 2. e5 Nd5 3. d4 d6 4. c4 Nb6 5. exd6 cxd6 6. Be3 g6 7. Nc3 Bg7 8. Qd2 Nc6 9. b3 0-0 10. Nf3 Bf5 11. Bd3 Qd7 12. Nh4 Bxd3 13. Qxd3 Qg4 14. Qe4 Qxe4 15. Nxe4 f5 16. Ng5 Bxd4 17. Bxd4 Nxd4 18. Rd1 Nc2+ 19. Kd2 Nd4 20. Rhe1 e5 21. c5 Nd7 22. cxd6 Rf6 23. Ngf3 Nxf3+ 24. Nxf3 e4 25. Nd4 Ne5 26. h3 Nd3 27. Rf1 Rxd6 28. Ke3 a6 29. Ne2 g5 30. g3 Rad8 31. Rb1 Ne1 32. f4 exf3 33. Rbxe1 Rd3+ 34. Kf2 fxe2 35. Rxe2 Rd2 36. Rfe1 Kf7 37. Kf1 Rxe2 38. Rxe2 h5 39. Kg2 Rd3 40. Kf2 h4 41. gxh4 Rxh3 42. hxg5 Rh2+ 43. Kf3 Rxe2 44. Kxe2 Kg6 0-1

[Event "Provence-ch access Vitrolles 9697"]
[Site "France"]
[Date "1997.??.??"]
[Round "7"]
[White "Estevez, Eric"]
[Black "Vivian, J."]
[Result "1/2-1/2"]
[WhiteElo "1640"]
[BlackElo "1620"]
[PlyCount "145"]
[EventDate "1996.??.??"]
[EventType "tourn"]
[EventRounds "7"]
[EventCountry "FRA"]
[SourceTitle "EXT 2005"]
[Source "ChessBase"]
[SourceDate "2004.11.15"]
[SourceVersion "1"]
[SourceVersionDate "2004.11.15"]
[SourceQuality "1"]

1. e4 c5 2. b4 b6 3. bxc5 bxc5 4. Bc4 e6 5. c3 d5 6. exd5 exd5 7. Qf3 Nf6 8. Na3 Bg4 9. Bb5+ Nbd7 10. Qg3 Be7 11. Bc6 Rb8 12. Bxd7+ Kxd7 13. f3 Bd6 14. Qh4 Re8+ 15. Kd1 Bf5 16. g4 Bd3 17. g5 Ng8 18. Qg4+ Kc7 19. Nc2 Qe7 20. Ne3 Kc6 21. Nh3 Qe5 22. f4 Qe7 23. Nf2 Be4 24. Rg1 c4 25. h4 Qc7 26. f5 Bh2 27. Rf1 Qg3 28. Nxe4 Rxe4 29. Qh5 Rb7 30. Qxh7 Rxe3 31. Qxg8 Qg4+ 32. Kc2 Rxc3+ 33. Kxc3 Be5+ 34. Kc2 Qe4+ 35. Kd1 Bxa1 36. Qc8+ Rc7 37. Qa6+ Kd7 38. Qb5+ Kc8 39. Ba3 d4 40. Qa6+ Qb7 41. Qxb7+ Rxb7 42. Kc2 d3+ 43. Kc1 c3 44. dxc3 Bxc3 45. Rf3 d2+ 46. Kc2 Ba5 47. Rd3 Rb5 48. f6 gxf6 49. gxf6 Rf5 50. Bb2 Rf2 51. Kd1 Rh2 52. Rd4 Kc7 53. Ba3 Kc6 54. Rd6+ Kb5 55. Rd4 Bc3 56. Rd6 Rxh4 57. Rd5+ Kc4 58. Rd7 Rh6 59. Kc2 Ba5 60. Rxf7 Rh1 61. Rd7 Rf1 62. f7 Bb4 63. Bxb4 Kxb4 64. Rxd2 Rxf7 65. Kb2 Rf4 66. Rc2 a5 67. Rd2 Rc4 68. Rd7 Ka4 69. Rd3 Rb4+ 70. Kc2 Rh4 71. Rb3 Rh2+ 72. Kb1 Rg2 73. Ka1 1/2-1/2

[Event "Provence-ch access Vitrolles 9697"]
[Site "France"]
[Date "1997.??.??"]
[Round "6"]
[White "Jouanny, Sebastien"]
[Black "Estevez, Eric"]
[Result "1-0"]
[WhiteElo "1640"]
[BlackElo "1640"]
[PlyCount "25"]
[EventDate "1996.??.??"]
[EventType "tourn"]
[EventRounds "7"]
[EventCountry "FRA"]
[SourceTitle "EXT 2005"]
[Source "ChessBase"]
[SourceDate "2004.11.15"]
[SourceVersion "1"]
[SourceVersionDate "2004.11.15"]
[SourceQuality "1"]

1. e4 Nf6 2. e5 Nd5 3. Nc3 Nxc3 4. dxc3 d6 5. Bc4 e6 6. Nf3 Nc6 7. Bf4 Be7 8. Qe2 0-0 9. 0-0-0 d5 10. Bd3 Bd7 11. h4 Na5 12. Ng5 g6 13. Nxh7 1-0